000 01523nam2a2200289 4500
001 rc\2984958
005 20260405221230.0
010 _bВ пер.
_d35 р.
_97000
021 _aRU
_b[49-19870] 26-2
035 _a(NLR Aleph) 008786060
090 _a8011828
_c8011828
100 _a20110911d1949 |||y0rusy50 ca
101 0 _arus
102 _aRU
105 _aa rz |||ca
200 1 _aКритика
_aАвтобиография
_f[общ. ред. В. В. Гиппиус и др.]
210 _d1949
_aБ. м.
215 _a576 с., [6] л. ил.
461 0 _1001rc\2984948
_12001#$aПолное собрание сочинений$e[1837-1937]$fПушкин$g[редакционный комитет: Максим Горький, С. М. Бонди, В. Д. Бонч-Бруевич и др.]$gАкадемия наук СССР$vТ. 12
_1700#1$aПушкин$bА. С.$f1799-1837$gАлександр Сергеевич$3RU\NLR\AUTH\77386
_98011301
_aПушкин, А. С. (поэт ; 1799-1837)
_c[Москва
_d1937
_fПушкин
_nИзд-во Академии наук СССР
_o[1837-1937]
_tПолное собрание сочинений
_vТ. 12
702 1 _4340
_8rus
_7ca
_aГиппиус
_bВ. В.
_cлитературовед
_f1890-1942
_gВасилий Васильевич
_3RU\NLR\AUTH\7799580
_982506
801 0 _aRU
_bNLR
_gpsbo
801 1 _aRU
_bELAR
_2rusmarc
801 2 _aRU
_bNLR
_c20120801
_2rusmarc
852 _aNLR
_jПушкин/1-115(12)
942 _cBOOK
980 _aNB